| 000 | 01026cam a2200217 4500500 | ||
|---|---|---|---|
| 005 | 20260111132235.0 | ||
| 041 | _afre | ||
| 042 | _adc | ||
| 100 | 1 | 0 |
_aBehloul, Salim _eauthor |
| 245 | 0 | 0 | _aLa fabrication du droit Acte 4. Le poisson visqueux de Spinoza |
| 260 | _c2025. | ||
| 500 | _a47 | ||
| 520 | _aMisères et grandeurs de 1789. Dans le préambule de 1789 s’entrechoquent idéologies du xviiie siècle, analyses du droit (appliqué/applicable ?) et ripostes étudiantes en travail social, entre ironie et principes de réalité. Balade dans le jardin du droit naturel des humains, entre imagination, bonheur pour tous, et les loups dans la bergerie. | ||
| 690 | _addhc | ||
| 690 | _ade 1789 | ||
| 690 | _adroit naturel | ||
| 690 | _aformation des éducateurs | ||
| 690 | _aHistoires | ||
| 786 | 0 | _nVST - Vie sociale et traitements | 168 | 4 | 2025-12-05 | p. 113-119 | 0396-8669 | |
| 856 | 4 | 1 | _uhttps://shs.cairn.info/revue-vst-vie-sociale-et-traitements-2025-4-page-113?lang=fr&redirect-ssocas=7080 |
| 999 |
_c1634640 _d1634640 |
||